000 00588nam a2200193Ia 4500
001 22601
003 GE_BSU
008 181216s||||||||xx |||||||||||||| ||und||
040 _cGE_BSU
245 _aВопросы языкознания, №2. Март-Апрель 2018
245 _cГл.ред.В.А.Плунгян и др.
260 _aМосква
260 _c2016
300 _a158 стр. 24см.
653 _aВопросы языкознания, №2. Март-Апрель 2018
653 _aПериодика
653 _aპერიოდიკა
942 _cCR
999 _c55519
_d55519